French History - Statistics

General Stats
  • This quiz has been taken 150 times
  • The average score is 9 of 15
Answer Stats
Question Answer % Correct
What year did the French revolution begin? 1789
94%
What treaty was signed with the Germans to end World War I? Treaty of Versailles
94%
How many French republics have there been, including the modern one? 5
91%
Who was the leader of Vichy France? Philippe Pétain
74%
What year did the French government surrender in World War II? 1940
69%
What year did the 7 years war end? 1763
63%
Who was president of France in 1990 François Mitterrand
63%
Which of these was NOT a French colony? Belize
60%
Which of these WERE a French colony Seychelles
60%
What year did the Franco-Prussian war begin? 1870
40%
How long was Charles de Gaulle president of the Fifth Republic? 10 years
37%
What was the bloodiest battle for the French during World War I? Battle of the Somme
37%
What year did France buy Corsica? 1768
29%
What year did France, "leave," NATO? 1966
29%
How many, "treaties of Paris," have there been throughout history? 48
26%
No matching quizzes found
Score Distribution
Percent of People with Each Score
Percentile by Number Answered
Your Score History
You have not taken this quiz